000 00574nam a2200217Ia 4500
003 OSt
005 20220923230920.0
006 a|||||r|||| 00| 0
007 ta
008 Pun
024 _a306,425
037 _cTextual
040 _aARTS
_cARTS
_bPun
041 _2Pun
_aPun
082 _aO153,6NSAT:g, M5
100 _aਬੇਦੀ, ਪੁਰਦਮਨ ਸਿੰਘ, ਥਦ.
245 0 _aਸਾਰਾਂ
260 _c1985
942 _hO153,6NSAT:g, M5
_cTEXL
_2CC
999 _c388206
_d388206